| 000 | 01868cam a2200517 a 4500 | ||
|---|---|---|---|
| 001 | 000013034 | ||
| 005 | 20260325092010.0 | ||
| 008 | 940329s1993 ve b 000 0 spa | ||
| 020 | _a9806276116 | ||
| 040 |
_aDO-SdBNP _bspa _cLC _dBNPHU |
||
| 082 |
_a345.8701 _bB849d |
||
| 100 | 1 |
_aBriceno V., Gustavo. _930099 |
|
| 245 | 1 | 3 |
_aEl defensor del pueblo en Venezuela : _bla figura del Ombudsman / _cJosé Guillermo Andueza ... [et al.]. ; presentación Gustavo Briceno Vivas. |
| 260 |
_aCaracas : _bKinesis, _c1993. |
||
| 300 |
_a357 p. ; _c21 cm. |
||
| 500 | _a"Libro homenaje a Orlando Tovar". | ||
| 650 | 4 |
_aDefensor del pueblo _zVenezuela _930100 |
|
| 650 | 0 |
_aPoder judicial _9556 |
|
| 700 | 1 |
_aBriceño Vivas, Gustavo. _930101 |
|
| 700 | 1 |
_aAndueza Acuna, José Guillermo. _930102 |
|
| 700 | 1 |
_aArrieta, Raúl. _930103 |
|
| 700 | 1 |
_aBriceño Vivas, Gustavo. _930101 |
|
| 700 | 1 |
_aCaldera, Rafael. _920912 |
|
| 700 | 1 |
_aCartañá, Antonio. _930104 |
|
| 700 | 1 |
_aCombellas, Ricardo. _930105 |
|
| 700 | 1 |
_aDuque Corredor, Román J. _930106 |
|
| 700 | 1 |
_aFernández, Fernando M. _930107 |
|
| 700 | 1 |
_aFernández V., María H. _930108 |
|
| 700 | 1 |
_aGarcía, Marisol. _930109 |
|
| 700 | 1 |
_aGil Robles, Alvaro. _930110 |
|
| 700 | 1 |
_aGil Delgado. _930111 |
|
| 700 | 1 |
_aGuerón, Carlos. _930112 |
|
| 700 | 1 |
_aHochman, Issac. _930113 |
|
| 700 | 1 |
_aMuñoz, Freddy. _930114 |
|
| 700 | 1 |
_aOmaña Parés, Gustavo Adolfo. _930115 |
|
| 700 | 1 |
_aReyes S. Pedro Miguel. _930116 |
|
| 700 | 1 |
_aRondón de Sansó, Hildegard. _930117 |
|
| 700 | 1 |
_aRoth, Nelson. _930118 |
|
| 700 | 1 |
_aSalgueiro, Adolfo P. _930119 |
|
| 700 | 1 |
_aSalvuchi Salgado, José G. _930120 |
|
| 700 | 1 |
_aSarmiento Núñez, José Gabriel. _930121 |
|
| 700 | 1 |
_aSosa, Cecilia. _930122 |
|
| 700 | 1 |
_aTejera París, Enrique. _930123 |
|
| 910 | _aCatalogación por copia / LC | ||
| 049 | _aBNGR | ||
| 999 |
_c12678 _d12678 |
||